Klubowy ranking UEFA (21.03.2022) - Statystyki

Ogólne statystyki
  • Ten quiz został rozwiązany 143 razy
  • Średni wynik to 24 z 50
Statystyki odpowiedzi
Hint Odpowiedź % Poprawnych
5 Real Madryt
98%
7 Fc Barcelona
95%
2 Manchester City
93%
1 Bayern Monachium
91%
9 Manchester United
89%
3 Liverpool
87%
8 Juventus
84%
17 Borussia Dortmund
83%
15 Arsenal
80%
4 Chelsea
80%
43 Ac Milan
78%
10 Atletico Madryt
76%
23 Inter Mediolan
76%
13 Tottenham
69%
11 Sevilla
65%
14 Ajax
62%
24 Napoli
61%
26 Benfica
60%
16 Porto
58%
27 Sporting
56%
12 AS Roma
53%
30 Bayer Leverkusen
49%
39 Valencia
44%
29 Lazio
43%
34 Zenit
40%
35 Dynamo Kijów
38%
22 Villareal
38%
48 CSKA Moskwa
37%
19 Olympique Lyon
37%
25 Atalanta
34%
50 Celtic
34%
47 Olympique Marsylia
34%
20 Szachtar Donieck
34%
38 Rangers
28%
33 Slavia Praga
27%
31 Dinamo Zagrzeb
25%
42 Club Brugge
24%
46 Lokomotiv Moskwa
24%
37 Olympiakos
19%
18 RB Leipzig
19%
21 RB Salzburg
19%
6 Paris SG
18%
49 Besiktas
17%
36 Crvena Zvezda
17%
32 Eintracht Frankfurt
15%
28 FC Basel
15%
44 Young Boys
15%
41 Fc Kopenhaga
14%
40 SC Braga
2%
45 LASK
1%
Nie znaleziono quizów pasujących do podanych kryteriów
Rozkład punktacji
Procent ludzi z każdym wynikiem
Percentyl według liczby udzielonych odpowiedzi
Twoja historia wyników
Nie rozwiązałeś tego quizu